00675cam a22002414a 450000100090000000300040000900500170001300800410003001000170007102000150008804000180010304200080012105000250012908200120015410000180016624500580018425000120024226000610025430000350031550000510035065000150040170000170041614294262OSt20180117090000.0060309s2007 njua b 001 0 eng  a 2006043413 a0132289148 aDLCcDLCdDLC apcc00aHB171.5b.C3123 200700a3302221 aCase, Karl E.10aPrinciples of economics /cKarl E. Case, Ray C. Fair. a8th ed. aUpper Saddle River, NJ :bPearson/Prentice Hall,cc2007. a1 v. 784pbcol. ill. ;c29 cm. aIncludes bibliographical references and index. 0aEconomics.1 aFair, Ray C.